<?xml version="1.0" encoding="UTF-8"?><?xml-stylesheet type="text/xsl" href="static/style.xsl"?><OAI-PMH xmlns="http://www.openarchives.org/OAI/2.0/" xmlns:xsi="http://www.w3.org/2001/XMLSchema-instance" xsi:schemaLocation="http://www.openarchives.org/OAI/2.0/ http://www.openarchives.org/OAI/2.0/OAI-PMH.xsd"><responseDate>2026-04-18T19:54:58Z</responseDate><request verb="GetRecord" identifier="oai:riubu.ubu.es:10259/6045" metadataPrefix="marc">https://riubu.ubu.es/oai/request</request><GetRecord><record><header><identifier>oai:riubu.ubu.es:10259/6045</identifier><datestamp>2021-11-02T12:23:59Z</datestamp><setSpec>com_10259.4_103</setSpec><setSpec>com_10259.4_1</setSpec><setSpec>com_10259_2604</setSpec><setSpec>col_10259_6036</setSpec></header><metadata><record xmlns="http://www.loc.gov/MARC21/slim" xmlns:doc="http://www.lyncode.com/xoai" xmlns:xsi="http://www.w3.org/2001/XMLSchema-instance" xmlns:dcterms="http://purl.org/dc/terms/" xsi:schemaLocation="http://www.loc.gov/MARC21/slim http://www.loc.gov/standards/marcxml/schema/MARC21slim.xsd">
<leader>00925njm 22002777a 4500</leader>
<datafield tag="042" ind1=" " ind2=" ">
<subfield code="a">dc</subfield>
</datafield>
<datafield tag="720" ind1=" " ind2=" ">
<subfield code="a">Gómez Villar, Rufino</subfield>
<subfield code="e">author</subfield>
</datafield>
<datafield tag="260" ind1=" " ind2=" ">
<subfield code="c">2014</subfield>
</datafield>
<datafield tag="520" ind1=" " ind2=" ">
<subfield code="a">El presente estudio tiene como objetivo rehacer el paisaje&#xd;
agrario en el contexto del sitio arqueológico de La Mesa (Belorado).&#xd;
En el trabajo se plantea la posibilidad de que el asentamiento se&#xd;
conociese hasta época medieval con el nombre de Osmilla, y se&#xd;
apuesta por la posibilidad de que fuese una “civitas” cuyo territorio&#xd;
se extendiese por tierras del Tirón Alto y Medio. El desarrollo del&#xd;
estudio muestra el lenguaje de los objetos arqueológicos, entre ellos&#xd;
la magnífica colección de lápidas funerarias, y la planificación urbanística&#xd;
de la ciudad desarrollada a partir de las ortofotos del Sistema&#xd;
de Información Geográfica de Castilla y León. El trabajo concluye&#xd;
con el hallazgo de una serie de pequeñas villae y del sistema viario,&#xd;
cuya existencia pone de manifiesto una posible centuriación.</subfield>
</datafield>
<datafield tag="520" ind1=" " ind2=" ">
<subfield code="a">The aim of this study is to recreate the rural lanscape&#xd;
around the archaeological site known as La Mesa (Belorado, Burgos).&#xd;
We postulate that the settlement was known as Osmilla until the&#xd;
medieval period, and explore the possibility that it had previously&#xd;
been a civitas controlling a territory in the middle and upper reaches&#xd;
of the Tirón valley. Amidst the archaeological evidence of this, the&#xd;
most eloquent testimonies are magnificent collection of tombstones&#xd;
and the urban layout as reconstructed using the Junta de Castilla y&#xd;
Leon's Geographical System. Finally we document the discovery of a series of smaller satellite villae an interconnecting network of&#xd;
roads which suggest the implementation of a centuriation system.</subfield>
</datafield>
<datafield tag="024" ind2=" " ind1="8">
<subfield code="a">0211-8998</subfield>
</datafield>
<datafield tag="024" ind2=" " ind1="8">
<subfield code="a">http://hdl.handle.net/10259/6045</subfield>
</datafield>
<datafield ind1=" " ind2=" " tag="653">
<subfield code="a">Osmilla</subfield>
</datafield>
<datafield ind1=" " ind2=" " tag="653">
<subfield code="a">Civitas</subfield>
</datafield>
<datafield ind1=" " ind2=" " tag="653">
<subfield code="a">Planificación urbanística</subfield>
</datafield>
<datafield ind1=" " ind2=" " tag="653">
<subfield code="a">Sistema viario</subfield>
</datafield>
<datafield ind1=" " ind2=" " tag="653">
<subfield code="a">Centuriación</subfield>
</datafield>
<datafield ind1=" " ind2=" " tag="653">
<subfield code="a">Urban planning</subfield>
</datafield>
<datafield ind1=" " ind2=" " tag="653">
<subfield code="a">Road network</subfield>
</datafield>
<datafield ind1=" " ind2=" " tag="653">
<subfield code="a">Centuriation</subfield>
</datafield>
<datafield tag="245" ind1="0" ind2="0">
<subfield code="a">El paisaje rural en época romana: un ejemplo en el Tirón medio</subfield>
</datafield>
</record></metadata></record></GetRecord></OAI-PMH>